|
|
|
|
| LEADER |
00000nam0a2200000 4500 |
| 001 |
312611 |
| 005 |
20231102002513.0 |
| 035 |
|
|
|a (RuTPU)RU\TPU\book\337980
|
| 035 |
|
|
|a RU\TPU\book\337977
|
| 090 |
|
|
|a 312611
|
| 100 |
|
|
|a 20151224d1897 km y0rusy50 ca
|
| 101 |
1 |
|
|a rus
|c eng
|
| 102 |
|
|
|a RU
|
| 105 |
|
|
|a a z 001zy
|
| 200 |
1 |
|
|a Новая химия
|e пер. с 10 -го англ. изд.
|f Дж. П. Кук
|g под ред. М. И. Коновалова ; пер. А. В. Алехина
|
| 210 |
|
|
|a Москва
|c Типография Высочайше утвержд. Т-ва И. Д. Сытина
|d 1897
|
| 215 |
|
|
|a 465, VIII с.
|c ил.
|
| 225 |
1 |
|
|a Библиотека для самообразования
|v VI
|f под ред. Былкина А. С., проф. П. Г. Виноградова, проф. Н. Я. Грота, М. И. Коновалова, П. Н. Милюкова, В. Д. Соколова и проф. А. И. Чупрова
|
| 300 |
|
|
|a Текст в русской дореформенной орфографии
|
| 316 |
|
|
|5 63413507: М-132476
|a На переднем форзаце и далее владельческий штамп: "Из книг инж. И. Н. Бутакова"
|
| 317 |
|
|
|5 63413507: М-132476
|a Поступила в НТБ в 1970 г. в составе книжного собрания профессора ТПИ И. Н. Бутакова
|
| 320 |
|
|
|a Алф. указ.: с. I - VIII
|
| 606 |
1 |
|
|a Химия
|2 stltpush
|3 (RuTPU)RU\TPU\subj\17362
|9 43035
|
| 610 |
1 |
|
|a молекулы
|
| 610 |
1 |
|
|a закон Авогадро
|
| 610 |
1 |
|
|a материя
|
| 610 |
1 |
|
|a молекулярное строение
|
| 610 |
1 |
|
|a молекулы
|
| 610 |
1 |
|
|a закон Гей Люссака
|
| 610 |
1 |
|
|a химические соединения
|
| 610 |
1 |
|
|a атомные веса
|
| 610 |
1 |
|
|a химические знаки
|
| 610 |
1 |
|
|a химические реакции
|
| 610 |
1 |
|
|a теория горения
|
| 610 |
1 |
|
|a порох
|
| 610 |
1 |
|
|a нитроглицерин
|
| 610 |
1 |
|
|a электрохимическая теория
|
| 610 |
1 |
|
|a органические соединения
|
| 610 |
1 |
|
|a синтез
|
| 610 |
1 |
|
|a изометрия
|
| 610 |
1 |
|
|a термохимия
|
| 610 |
1 |
|
|a самообразование
|
| 610 |
1 |
|
|a владельческая надпись
|
| 610 |
1 |
|
|a владельческие знаки
|
| 610 |
1 |
|
|a библиотека И. Н. Бутакова
|
| 675 |
|
|
|a 54
|v 3
|
| 700 |
|
1 |
|a Кук
|b Дж. П.
|
| 702 |
|
1 |
|a Коновалов
|b М. И.
|4 340
|
| 702 |
|
1 |
|a Алехин
|b А. В.
|4 730
|
| 801 |
|
1 |
|a RU
|b 63413507
|c 20151224
|
| 801 |
|
2 |
|a RU
|b 63413507
|c 20190730
|g RCR
|
| 942 |
|
|
|c BK
|